| 000 | 00717nam a22001815i 4500 | ||
|---|---|---|---|
| 001 | 155602 | ||
| 003 | ES-MaACL | ||
| 005 | 20250808090131.0 | ||
| 008 | 040726s1887 dq |||| | spa d | ||
| 040 |
_aCAM _bspa _cCAM |
||
| 100 | 1 |
_aHostos, Eugenio María de, _d1839-1903 _964302 |
|
| 245 | 1 | 0 |
_aLecciones de derecho constitucional / _cpor Eugenio Maria Hostos. |
| 260 |
_aSanto Domingo : _b[s.n.], _c1887 ( _fImprenta "Cuna de América") |
||
| 300 |
_a261, V p. ; _c26 cm. |
||
| 650 | 7 |
_aDerecho constitucional _2embne _911680 |
|
| 852 |
_aES-MaACL _jZ-82 _z-- Enc. pasta española _z-- Legado Bernal _z-- Dedicatoria ms. del autor a Calixto Bernal _xOlim: F-11297 |
||
| 999 |
_c155602 _d155602 |
||